Statistics for Seattle Trivia Quiz

Click here to take the quiz!

General Stats

  • This quiz has been taken 18,370 times
    (9,670 since last reset)
  • The average score is 18 of 30

Answer Stats

QuestionAnswer% Correct
Most famous landmarkThe Space Needle
93%
Two richest people in the worldBill Gates
86%
Seattle is famous for this - but gets less
than New York, Boston, or Houston
Rain
80%
Pro football teamSeahawks
80%
Aircraft company founded in SeattleBoeing
77%
Grunge band #1Nirvana
76%
Oceanic sound on which Seattle is locatedPuget Sound
76%
Two nearest major cities to SeattlePortland
75%
Company #2Microsoft
73%
Event for which the above was built1962 World's Fair
71%
What gets thrown at Pike Place marketFish
71%
Pro baseball teamMariners
69%
Two nearest major cities to SeattleVancouver
67%
Huge volcano visible from the cityMount Rainier
62%
Company #4Starbucks
60%
Rapper who goes to thrift shopsMacklemore
57%
Two richest people in the worldJeff Bezos
55%
Company #3Amazon.com
53%
TV show #1Frasier
51%
Mountain ranges visible from the cityCascades
50%
Airline based in SeattleAlaska Airlines
49%
Grunge band #2Pearl Jam
49%
TV show #2Grey's Anatomy
48%
Pro soccer teamSounders
47%
County that Seattle is withinKing
40%
Grunge band #3Soundgarden
39%
Mountain ranges visible from the cityOlympic Mountains
37%
What you'll see at the Chihuly museumGlass
31%
Grunge band #4Alice in Chains
24%
Company #1Costco
16%

Score Distribution

Percentile by Number Answered

Percent of People with Each Score

Your Score History

You have not taken this quiz since the last reset